000 00602nab a2200205 a 4500
001 65884
003 138690
005 20201118110244.0
008 ||||||n9999 ||| || ||
041 _aspa
245 0 _aDeclarada urgencia manifiesta en la rama judicial :
_bsuspenden indefinidamente terminos judiciales en eje cafetero pp.1-5
260 _aBogotá :
_bLegis,
_c1999.
562 _e0
650 _aCRISIS SECTORIAL
650 _aFUNCIONARIOS JUDICIALES
650 _aPROCESO JUDICIAL
650 _aZONA CAFETERA
773 _060783
_aAmbito Jurídico - Vol.2 No.26
942 _cSART
999 _c65884
_d65884